Out of the box marketing principles that work and make sense / (Record no. 10106)

MARC details
000 -LEADER
fixed length control field 00758nam a22002297i 4500
003 - CONTROL NUMBER IDENTIFIER
control field URS
005 - DATE AND TIME OF LATEST TRANSACTION
control field 20230725152256.0
008 - FIXED-LENGTH DATA ELEMENTS--GENERAL INFORMATION
fixed length control field 160818b xxu||||| |||| 00| 0 eng d
020 ## - INTERNATIONAL STANDARD BOOK NUMBER
International Standard Book Number 9789710388431
040 ## - CATALOGING SOURCE
Description conventions rda
Transcribing agency URS
Language of cataloging English
050 ## - LIBRARY OF CONGRESS CALL NUMBER
Classification number HF5415
Item number .G194 2007
100 ## - MAIN ENTRY--PERSONAL NAME
Personal name Garrovillas, Eduardo P.,
Relator term author.
9 (RLIN) 216
245 ## - TITLE STATEMENT
Title Out of the box marketing principles that work and make sense /
Statement of responsibility, etc Dr. Eduardo P. Garrovillas.
264 #1 - PUBLICATION, DISTRIBUTION, ETC. (IMPRINT)
Place of publication, distribution, etc Mandaluyong City :
Name of publisher, distributor, etc Books Atbp. Publishing Corporation,
Date of publication, distribution, etc ©2007.
300 ## - PHYSICAL DESCRIPTION
Extent xxiv, 262 pages ;
Dimensions 22 cm.
336 ## - CONTENT TYPE
Content type term text
Content type code txt
Source rdacontent
337 ## - MEDIA TYPE
Media type term unmediated
Media type code n
Source rdamedia
338 ## - CARRIER TYPE
Carrier type term volume
Carrier type code nc
Source rdacarrier
504 ## - BIBLIOGRAPHY, ETC. NOTE
Bibliography, etc Includes bibliographical references.
650 #0 - SUBJECT ADDED ENTRY--TOPICAL TERM
Topical term or geographic name as entry element Marketing.
942 ## - ADDED ENTRY ELEMENTS (KOHA)
Source of classification or shelving scheme Library of Congress Classification
Koha item type Filipiniana
Holdings
Withdrawn status Lost status Source of classification or shelving scheme Damaged status Not for loan Collection code Home library Current library Shelving location Date acquired Source of acquisition Cost, normal purchase price Total Checkouts Full call number Barcode Date last seen Copy number Cost, replacement price Koha item type
    Library of Congress Classification     Non-fiction Taytay College Library Taytay College Library Filipiniana Section 08/10/2009 Purchased 225.00   HF5415 .G194 2007 URSTAY-2048 06/02/2025 1 225.00 Filipiniana
    Library of Congress Classification     Non-fiction Taytay College Library Taytay College Library Filipiniana Section 08/10/2009 Purchased 225.00   HF5415 .G194 2007 URSTAY-2049 06/02/2025 2 225.00 Filipiniana
    Library of Congress Classification     Non-fiction Taytay College Library Taytay College Library Filipiniana Section 08/10/2009 Purchased 225.00   HF5415 .G194 2007 URSTAY-2050 06/02/2025 3 225.00 Filipiniana
    Library of Congress Classification     Non-fiction Taytay College Library Taytay College Library Filipiniana Section 08/10/2009 Purchased 225.00   HF5415 .G194 2007 URSTAY-2051 06/02/2025 4 225.00 Filipiniana
    Library of Congress Classification     Non-fiction Taytay College Library Taytay College Library Filipiniana Section 08/10/2009 Purchased 225.00   HF5415 .G194 2007 URSTAY-2052 06/02/2025 5 225.00 Filipiniana

University of Rizal System
Email us at univlibservices@urs.edu.ph

Visit our Website www.urs.edu.ph/library